MARC
|
|
|
|
| LEADER |
00000nam0a2200000 4500 |
| 001 |
317958 |
| 005 |
20231102003028.0 |
| 020 |
|
|
|a RU
|b 82-74170
|
| 035 |
|
|
|a (RuTPU)RU\TPU\book\343439
|
| 090 |
|
|
|a 317958
|
| 100 |
|
|
|a 20160418d1982 km y0rusy5003 ca
|
| 101 |
0 |
|
|a rus
|
| 102 |
|
|
|a RU
|
| 105 |
|
|
|a y z 001zy
|
| 200 |
1 |
|
|a Экспедиционно-вахтовое строительство в Западной Сибири
|f А. Д. Хайтун
|
| 210 |
|
|
|a Ленинград
|c Стройиздат
|d 1982
|
| 215 |
|
|
|a 176 с.
|
| 320 |
|
|
|a Библиогр.: с. 175-176
|
| 606 |
1 |
|
|a Вахтовое строительство
|x Горное дело
|2 stltpush
|3 (RuTPU)RU\TPU\subj\2084
|9 30702
|
| 610 |
1 |
|
|a Западная Сибирь
|
| 610 |
1 |
|
|a нефтегазовый комплекс
|
| 610 |
1 |
|
|a вахтовый метод
|
| 610 |
1 |
|
|a вахтовые поселки
|
| 610 |
1 |
|
|a персонал
|
| 610 |
1 |
|
|a доставка
|
| 610 |
1 |
|
|a социологические исследования
|
| 610 |
1 |
|
|a эффективность
|
| 675 |
|
|
|a 622.32.012:69(571.1)
|z rus
|v 3
|
| 700 |
|
1 |
|a Хайтун
|b А. Д.
|g Алексей Давыдович
|4 070
|
| 801 |
|
0 |
|a RU
|b RuMRKP
|c 19950704
|g psbo
|
| 801 |
|
1 |
|a RU
|b 63413507
|c 20160418
|
| 801 |
|
2 |
|a RU
|b 63413507
|c 20191206
|g RCR
|
| 942 |
|
|
|c BK
|